Problems and methods in analysis

Αποθηκεύτηκε σε:
Λεπτομέρειες βιβλιογραφικής εγγραφής
Κύριος συγγραφέας: Krysicki, W. (Wlodzimierz)
Μορφή: Βιβλίο
Γλώσσα:English
Δημοσίευση: Oxford ; London : Pergamon Press, [1966]
Σειρά:The commonwealth and international library. Mathematics division ; 2744-2745
Θέματα:
Ετικέτες: Προσθήκη ετικέτας
Δεν υπάρχουν, Καταχωρήστε ετικέτα πρώτοι!

MARC

LEADER 00000cam a2200000 a 4500
001 1/108430
008 150907s1966####us | ||| |||| ||eng||
040 |a GR-MyUa  |b gre  |c GR-MyUa  |e AACR2 
041 0 |a eng 
082 7 |a 515.076   |2 (23) 
100 1 |a Krysicki, W.   |q (Wlodzimierz) 
245 1 0 |a Problems and methods in analysis /   |c by W. Krysicki...[κ.ά.] 
260 |a Oxford ; London :   |b Pergamon Press,   |c [1966]  
300 |a 2τ. (xii, 256, xiii, 192 σ.) :   |b σχέδια ;   |c 20 εκ.  
490 1 |a The commonwealth and international library. Mathematics division   |v  ; 2744-2745 
650 0 |a Mathematical analysis  |x Problems, exercises, etc. 
830 0 |a The commonwealth and international library. Mathematics division ;  |v 2744-2745 
852 |a INST  |b SAMOS  |c MAG  |e 20150907  |h 515.076 PRO  |p 005300035264  |q 005300035264  |t BK  |v τομ.2:  |y 0 
852 |a INST  |b SAMOS  |c MAG  |e 20150907  |h 515.076 PRO  |p 005300042624  |q 005300042624  |t BK  |v τομ.1:  |y 0 
853 |a INST  |b SAMOS  |c MAG  |h 515.076 PRO 
970 |a Σιτζίμη  |b Γιασεμή  |z 07/09/2015